Normal view
MARC view
- أبو شريفة، عبد القادر؛ م.مشارك حسين لافي؛ داود غطاشة
Entry Personal Name
001 - CONTROL NUMBER
- control field: 7161
003 - CONTROL NUMBER IDENTIFIER
- control field: JO-AjAnu
005 - DATE AND TIME OF LATEST TRANSACTION
- control field: 20230606071447.0
008 - FIXED-LENGTH DATA ELEMENTS
- fixed length control field: 230606|| aca||aabn | a|a d
040 ## - CATALOGING SOURCE
- Original cataloging agency: JO-AjAnu
- Transcribing agency: JO-AjAnu
100 ## - HEADING--PERSONAL NAME
- Personal name: أبو شريفة، عبد القادر؛ م.مشارك حسين لافي؛ داود غطاشة
670 ## - SOURCE DATA FOUND
- Source citation: Work cat.: (JO-AjAnu)3706: أبو شريفة، عبد القادر؛ م.مشارك حسين لافي؛ داود غطاشة, author, علم الدلالة والمعجم العربي